La tiranía de los valores: seguido de El contraste entre comunidad y sociedad como ejemplo de una distinción dualista. Reflexiones a propósito de la estructura y destino de este tipo de antítesis y La situación actual del problema: la sociedad moderna.

-д хадгалсан:
Номзүйн дэлгэрэнгүй
Үндсэн зохиолч: Schmitt, Carl, 1888-1985 (autor)
Формат: Ном
Хэвлэсэн: Granada, España: Comares, S.L., 2010.
Нөхцлүүд:
Шошгууд: Шошго нэмэх
Шошго байхгүй, Энэхүү баримтыг шошголох эхний хүн болох!

MARC

LEADER 00000cam a2200000 a 4500
001 UCD8798
003 CL-VaPUC
005 20250327113713.0
008 220623t2010 ||||| |||| 00| 0 eng d
999 |c 436280  |d 436278 
020 |a 978-84-9836-710-2 
040 |c Pontificia Universidad Católica de Valparaíso 
082 7 |a 320.01 SCH 2010  |2 22 
100 |a Schmitt, Carl,  |d 1888-1985  |e autor  |9 258380 
245 |a La tiranía de los valores:  |b  seguido de El contraste entre comunidad y sociedad como ejemplo de una distinción dualista. Reflexiones a propósito de la estructura y destino de este tipo de antítesis y La situación actual del problema: la sociedad moderna. 
260 |a Granada, España:  |b Comares, S.L.,   |c 2010. 
300 |a 82 páginas.  
500 |a c.1 Donación Familia Prof. Alejandro Guzmán Brito. 
583 |a last modification  |c 20170527 00:32:00  |k Cristina María Rojas Aguilar 
650 |a Valores   |x Filosofía   |9 871414 
650 |a Ideologías   |9 255200 
942 |c BK  |2 ddc  |n 0 
952 |0 0  |1 0  |2 ddc  |4 0  |6 320_010000000000000_SCH_2010  |7 1  |8 C_AGB  |9 584010  |a BIBDER  |b BIBDER  |d 2022-06-23  |e Donación   |i 5652075  |o 320.01 SCH 2010  |p 5652075  |r 2023-01-25  |t 1  |w 2022-06-23  |y BK_US  |k AGB